Ground Water (Record no. 55758)

MARC details
000 -LEADER
fixed length control field 00400nam a2200169Ia 4500
008 - FIXED-LENGTH DATA ELEMENTS--GENERAL INFORMATION
fixed length control field 230524s9999 xx 000 0 und d
020 ## - INTERNATIONAL STANDARD BOOK NUMBER
ISBN 9788122419047
082 ## - DEWEY DECIMAL CLASSIFICATION NUMBER
Classification number 553.79
Item number RAG
100 ## - MAIN ENTRY--AUTHOR NAME
Personal name H.M.Raghunath
245 #0 - TITLE STATEMENT
Title Ground Water
250 ## - EDITION STATEMENT
Edition statement 3
260 ## - PUBLICATION, DISTRIBUTION, ETC. (IMPRINT)
Place of publication New Delhi
Name of publisher New Age Int.
Year of publication 2014
300 ## - PHYSICAL DESCRIPTION
Number of Pages "xv,499p;"
500 ## - GENERAL NOTE
General note Quantity Number: 1
650 ## - SUBJECT ADDED ENTRY--TOPICAL TERM
Topical Term Civil
942 ## - ADDED ENTRY ELEMENTS (KOHA)
Koha item type Books
Holdings
Lost status Damaged status Permanent Location Current Location Shelving location Date acquired Full call number Accession Number Koha item type
    Central Library, Trident Academy of Technology Central Library, Trident Academy of Technology General Stacks 05/24/2023 553.79 RAG 52977 Books
    Central Library, Trident Academy of Technology Central Library, Trident Academy of Technology General Stacks 02/28/2024 553.79 RAG 61050 Books
    Central Library, Trident Academy of Technology Central Library, Trident Academy of Technology General Stacks 02/28/2024 553.79 RAG 61051 Books
    Central Library, Trident Academy of Technology Central Library, Trident Academy of Technology General Stacks 02/28/2024 553.79 RAG 61052 Books
    Central Library, Trident Academy of Technology Central Library, Trident Academy of Technology General Stacks 02/28/2024 553.79 RAG 61053 Books
    Central Library, Trident Academy of Technology Central Library, Trident Academy of Technology General Stacks 02/28/2024 553.79 RAG 61054 Books
Trident Academy of Technology © 2023.
All rights reserved.                                                                                                                                                                                                        Designed by Team of Central Library .

Powered by Koha